Instrumente der Welt - Statistiken

Allgemein
  • Dieses Quiz wurde 155 mal gespielt
  • Das Durchschnittsergebnis liegt bei 6 aus 12
Antwortstatistiken
Bildquiz Hint Antwort % Korrekt
Schottland Dudelsack
98%
Hawaii Ukulele
89%
USA Banjo
81%
Schweiz Alphorn/Alpenhorn
78%
Kuba Bongo
70%
Südafrika Vuvuzela
54%
Australien Didgeridoo
52%
Russland Balalaika
46%
Indien Sitar
35%
Trinidad und Tobago Steel Drum/Steel Pan
34%
Südkorea Gayageum
2%
Japan Shamisen
1%
Keine übereinstimmenden Quizze gefunden
Verteilung der Resultate
Anzahl Personen mit jedem Resultat
Perzentil nach korrekt beantworteten Fragen
Ihre Resultats-Entwicklung
Sie haben dieses Quiz noch nicht gespielt